[Event "V Open Escacs Xàtiva"]
[Site "Xàtiva, Spain"]
[Date "2019.07.19"]
[Round "7.2"]
[White "Iagar, Razvan-Gabriel"]
[Black "Chernikov, Vladimir"]
[Result "1/2-1/2"]
[WhiteElo "2138"]
[BlackElo "2301"]
[PlyCount "129"]
[EventDate "2019.??.??"]

1. d4 {[%clk 01:30:59]} 1... Nf6 {[%clk 01:30:56]} 2. c4 {
[%clk 01:31:26]  [%emt 00:00:07]} 2... e5 {[%clk 01:31:25]  [%emt 00:00:02]} 3.
dxe5 {[%clk 01:31:51]  [%emt 00:00:05]} 3... Ng4 {
[%clk 01:31:52]  [%emt 00:00:02]} 4. Bf4 {[%clk 01:32:14]  [%emt 00:00:07]}
4... g5 {[%clk 01:32:22]} 5. Bg3 {[%emt 00:00:08]} 5... Bg7 {[%clk 01:32:49]}
6. Nf3 {[%clk 01:33:05]  [%emt 00:00:04]} 6... Nc6 {
[%clk 01:33:15]  [%emt 00:00:03]} 7. Nc3 {[%clk 01:33:26]  [%emt 00:00:09]}
7... Ngxe5 {[%clk 01:33:41]  [%emt 00:00:05]} 8. Nxe5 {
[%clk 01:33:51]  [%emt 00:00:04]} 8... Nxe5 {[%clk 01:34:08]  [%emt 00:00:03]}
9. e3 {[%clk 01:34:09]  [%emt 00:00:12]} 9... d6 {
[%clk 01:34:32]  [%emt 00:00:06]} 10. h4 {[%emt 00:00:33]} 10... g4 {
[%clk 01:35:01]} 11. h5 {[%clk 01:34:30]  [%emt 00:00:06]} 11... h6 {
[%clk 01:35:14]  [%emt 00:00:17]} 12. Bh4 {[%clk 01:34:54]  [%emt 00:00:05]}
12... Qd7 {[%clk 01:35:07]  [%emt 00:00:38]} 13. Nd5 {
[%clk 01:34:15]  [%emt 00:01:09]} 13... O-O {[%clk 01:35:29]  [%emt 00:00:08]}
14. Nf6+ {[%clk 01:32:09]  [%emt 00:02:36]} 14... Bxf6 {
[%clk 01:35:57]  [%emt 00:00:02]} 15. Bxf6 {[%emt 00:00:11]} 15... Qe6 {
[%clk 01:36:20]  [%emt 00:00:02]} 16. Bxe5 {[%clk 01:32:37]  [%emt 00:00:26]}
16... Qxe5 {[%clk 01:36:39]  [%emt 00:00:12]} 17. Qd4 {
[%clk 01:28:49]  [%emt 00:04:18]} 17... Re8 {[%clk 01:30:26]  [%emt 00:06:42]}
18. O-O-O {[%clk 01:25:44]  [%emt 00:03:35]} 18... g3 {
[%clk 01:25:55]  [%emt 00:05:00]} 19. Qxe5 {[%clk 01:13:41]  [%emt 00:12:33]}
19... Rxe5 {[%clk 01:26:17]  [%emt 00:00:08]} 20. Rd5 {
[%clk 01:13:24]  [%emt 00:00:46]} 20... Rxd5 {[%clk 01:22:00]  [%emt 00:04:48]}
21. cxd5 {[%clk 01:13:53]  [%emt 00:00:01]} 21... gxf2 {
[%clk 01:22:25]  [%emt 00:00:05]} 22. Rh4 {[%clk 01:12:47]  [%emt 00:01:36]}
22... Bf5 {[%clk 01:21:27]  [%emt 00:01:28]} 23. Rf4 {
[%clk 01:12:24]  [%emt 00:00:53]} 23... Bh7 {[%clk 01:21:53]  [%emt 00:00:03]}
24. Bb5 {[%clk 01:08:23]  [%emt 00:04:31]} 24... c6 {
[%clk 01:21:56]  [%emt 00:00:28]} 25. dxc6 {[%clk 01:08:05]  [%emt 00:00:48]}
25... bxc6 {[%clk 01:22:20]  [%emt 00:00:07]} 26. Be2 {
[%clk 01:07:39]  [%emt 00:00:55]} 26... Re8 {[%clk 01:21:04]  [%emt 00:01:46]}
27. Kd2 {[%clk 01:07:38]  [%emt 00:00:31]} 27... Rb8 {
[%clk 01:21:18]  [%emt 00:00:17]} 28. Kc3 {[%clk 01:06:48]  [%emt 00:01:19]}
28... Re8 {[%clk 01:21:17]  [%emt 00:00:30]} 29. Kd2 {
[%clk 01:07:12]  [%emt 00:00:06]} 29... Re5 {[%clk 01:21:37]  [%emt 00:00:11]}
30. Rxf2 {[%clk 01:07:14]  [%emt 00:00:28]} 30... Rd5+ {
[%clk 01:21:55]  [%emt 00:00:13]} 31. Ke1 {[%clk 01:05:02]  [%emt 00:02:41]}
31... Kg7 {[%clk 01:21:30]  [%emt 00:00:54]} 32. Rf4 {
[%clk 01:02:54]  [%emt 00:02:38]} 32... Rc5 {[%clk 01:20:31]  [%emt 00:01:30]}
33. Ra4 {[%clk 00:59:47]  [%emt 00:03:36]} 33... a5 {
[%clk 01:19:14]  [%emt 00:01:48]} 34. Bf3 {[%clk 00:58:19]  [%emt 00:01:57]}
34... Bc2 {[%clk 01:18:08]  [%emt 00:01:37]} 35. Rg4+ {
[%clk 00:55:20]  [%emt 00:03:28]} 35... Kf8 {[%emt 00:00:41]} 36. b4 {
[%clk 00:54:11]  [%emt 00:01:20]} 36... axb4 {[%clk 01:13:06]  [%emt 00:05:41]}
37. Rxb4 {[%clk 00:54:36]  [%emt 00:00:05]} 37... d5 {
[%clk 01:06:18]  [%emt 00:07:18]} 38. Rb8+ {[%clk 00:52:27]  [%emt 00:02:39]}
38... Kg7 {[%clk 01:05:08]  [%emt 00:01:40]} 39. Ra8 {
[%clk 00:51:43]  [%emt 00:01:14]} 39... Rc4 {[%clk 01:01:09]  [%emt 00:04:30]}
40. Kf2 {[%clk 00:46:50]  [%emt 00:05:22]} 40... Kf6 {
[%clk 00:58:03]  [%emt 00:03:36]} 41. Rh8 {[%clk 00:44:09]  [%emt 00:03:11]}
41... Kg7 {[%clk 00:58:27]  [%emt 00:00:06]} 42. Ra8 {
[%clk 00:44:35]  [%emt 00:00:04]} 42... Ra4 {[%clk 00:39:14]  [%emt 00:19:42]}
43. Rxa4 {[%clk 00:44:54]  [%emt 00:00:11]} 43... Bxa4 {
[%clk 00:39:43]  [%emt 00:00:02]} 44. Ke1 {[%clk 00:43:28]  [%emt 00:01:56]}
44... f5 {[%clk 00:37:07]  [%emt 00:03:06]} 45. Kd2 {
[%clk 00:37:36]  [%emt 00:06:22]} 45... Bb5 {[%clk 00:33:02]  [%emt 00:04:35]}
46. Kc3 {[%clk 00:36:23]  [%emt 00:01:42]} 46... Bc4 {
[%clk 00:33:28]  [%emt 00:00:04]} 47. a4 {[%clk 00:36:33]  [%emt 00:00:20]}
47... c5 {[%clk 00:33:53]  [%emt 00:00:05]} 48. g4 {
[%clk 00:27:04]  [%emt 00:10:00]} 48... fxg4 {[%clk 00:32:44]  [%emt 00:01:39]}
49. Bxg4 {[%clk 00:27:33]  [%emt 00:00:01]} 49... Ba6 {
[%clk 00:30:07]  [%emt 00:03:07]} 50. Bf5 {[%clk 00:25:30]  [%emt 00:02:33]}
50... Kf6 {[%clk 00:26:04]  [%emt 00:04:32]} 51. Bg6 {
[%clk 00:24:33]  [%emt 00:01:28]} 51... Ke5 {[%clk 00:26:07]  [%emt 00:00:27]}
52. Bh7 {[%clk 00:23:55]  [%emt 00:01:08]} 52... Be2 {
[%clk 00:25:06]  [%emt 00:01:30]} 53. Bg6 {[%clk 00:24:22]  [%emt 00:00:04]}
53... Kd6 {[%clk 00:25:18]  [%emt 00:00:18]} 54. Bf7 {
[%clk 00:20:06]  [%emt 00:04:46]} 54... Kc6 {[%clk 00:24:15]  [%emt 00:01:32]}
55. Be8+ {[%clk 00:18:00]  [%emt 00:02:38]} 55... Kb6 {
[%clk 00:24:36]  [%emt 00:00:08]} 56. Bf7 {[%clk 00:18:18]  [%emt 00:00:12]}
56... Bf3 {[%clk 00:23:38]  [%emt 00:01:28]} 57. Be8 {
[%clk 00:15:18]  [%emt 00:03:31]} 57... Ka5 {[%clk 00:23:26]  [%emt 00:00:40]}
58. Kb3 {[%clk 00:15:25]  [%emt 00:00:23]} 58... Bd1+ {
[%clk 00:22:40]  [%emt 00:01:17]} 59. Ka3 {[%clk 00:15:53]  [%emt 00:00:03]}
59... d4 {[%clk 00:21:31]  [%emt 00:01:37]} 60. exd4 cxd4 {[%clk 00:21:58]} 61.
Kb2 {[%clk 00:15:23]  [%emt 00:01:23]} 61... Bxa4 {
[%clk 00:18:45]  [%emt 00:03:43]} 62. Bxa4 {[%clk 00:15:47]  [%emt 00:00:07]}
62... Kxa4 {[%clk 00:19:11]  [%emt 00:00:04]} 63. Kc2 {
[%clk 00:16:14]  [%emt 00:00:03]} 63... Kb4 {[%clk 00:19:36]  [%emt 00:00:05]}
64. Kd3 {[%clk 00:16:41]  [%emt 00:00:03]} 64... Kc5 {
[%clk 00:20:02]  [%emt 00:00:03]} 65. Kd2 {[%clk 00:17:09]  [%emt 00:00:03]}
1/2-1/2

[Event "V Open Escacs Xàtiva"]
[Site "Xàtiva, Spain"]
[Date "2019.07.19"]
[Round "7.3"]
[White "Perez Mas, Jose Manuel"]
[Black "Megias Chafer, Alejandro"]
[Result "1/2-1/2"]
[WhiteElo "1711"]
[BlackElo "2119"]
[PlyCount "125"]
[EventDate "2019.??.??"]

1. d4 {[%clk 01:30:56]  [%emt 00:00:03]} 1... d5 {
[%clk 01:30:50]  [%emt 00:00:10]} 2. Bf4 {[%clk 01:31:12]  [%emt 00:00:13]}
2... Nf6 {[%clk 01:29:19]  [%emt 00:02:01]} 3. e3 {
[%clk 01:31:26]  [%emt 00:00:17]} 3... Bf5 {[%clk 01:29:39]  [%emt 00:00:10]}
4. Bd3 {[%clk 01:31:16]  [%emt 00:00:41]} 4... Bxd3 {
[%clk 01:29:24]  [%emt 00:00:45]} 5. Qxd3 {[%clk 01:31:43]  [%emt 00:00:03]}
5... c6 {[%clk 01:29:37]  [%emt 00:00:17]} 6. Nd2 {
[%clk 01:28:00]  [%emt 00:04:13]} 6... Nbd7 {[%clk 01:28:56]  [%emt 00:01:11]}
7. Ngf3 {[%clk 01:27:55]  [%emt 00:00:35]} 7... Qb6 {
[%clk 01:24:29]  [%emt 00:04:57]} 8. O-O {[%clk 01:25:24]  [%emt 00:03:01]}
8... Nh5 {[%clk 01:23:29]  [%emt 00:01:30]} 9. Bg3 {
[%clk 01:23:52]  [%emt 00:02:01]} 9... Nxg3 {[%clk 01:22:42]  [%emt 00:01:17]}
10. hxg3 {[%clk 01:23:51]  [%emt 00:00:32]} 10... e6 {
[%clk 01:22:42]  [%emt 00:00:29]} 11. e4 {[%clk 01:22:06]  [%emt 00:02:15]}
11... Be7 {[%clk 01:20:52]  [%emt 00:02:20]} 12. b3 {
[%clk 01:11:37]  [%emt 00:11:00]} 12... O-O {[%clk 01:18:40]  [%emt 00:02:42]}
13. e5 {[%clk 01:08:00]  [%emt 00:04:07]} 13... a5 {
[%clk 01:16:31]  [%emt 00:02:39]} 14. a3 {[%clk 01:05:20]  [%emt 00:03:09]}
14... Qa6 {[%clk 01:13:29]  [%emt 00:03:33]} 15. Qe3 {
[%clk 01:01:16]  [%emt 00:04:33]} 15... c5 {[%clk 01:12:23]  [%emt 00:01:37]}
16. c3 {[%clk 01:01:04]  [%emt 00:00:43]} 16... Rac8 {
[%clk 01:11:21]  [%emt 00:01:31]} 17. g4 {[%clk 00:50:18]  [%emt 00:11:16]}
17... cxd4 {[%clk 01:08:33]  [%emt 00:03:18]} 18. cxd4 {
[%clk 00:49:58]  [%emt 00:00:51]} 18... Rc2 {[%clk 01:08:16]  [%emt 00:00:46]}
19. g3 {[%clk 00:46:11]  [%emt 00:04:17]} 19... Rfc8 {
[%clk 01:07:24]  [%emt 00:01:22]} 20. Kg2 {[%clk 00:45:29]  [%emt 00:01:12]}
20... Nf8 {[%clk 01:03:58]  [%emt 00:03:56]} 21. Rh1 {
[%clk 00:44:26]  [%emt 00:01:33]} 21... R8c3 {[%clk 01:04:06]  [%emt 00:00:22]}
22. Qe1 {[%clk 00:43:14]  [%emt 00:01:42]} 22... Qd3 {
[%clk 01:03:39]  [%emt 00:00:57]} 23. Qf1 {[%clk 00:42:25]  [%emt 00:01:19]}
23... Rxd2 {[%clk 01:03:04]  [%emt 00:01:05]} 24. Nxd2 {
[%clk 00:42:15]  [%emt 00:00:39]} 24... Qxd2 {[%clk 01:03:28]  [%emt 00:00:06]}
25. Qd1 {[%clk 00:36:39]  [%emt 00:06:06]} 25... Qxd1 {
[%clk 01:03:44]  [%emt 00:00:15]} 26. Rhxd1 {[%clk 00:36:47]  [%emt 00:00:21]}
26... Rxb3 {[%clk 01:04:09]  [%emt 00:00:06]} 27. a4 {
[%clk 00:33:49]  [%emt 00:03:29]} 27... Rb4 {[%clk 01:04:29]  [%emt 00:00:09]}
28. Kf3 {[%clk 00:33:10]  [%emt 00:01:08]} 28... Nd7 {
[%clk 01:04:17]  [%emt 00:00:42]} 29. Ke3 {[%clk 00:31:29]  [%emt 00:02:11]}
29... Nb6 {[%clk 01:04:41]  [%emt 00:00:06]} 30. Rdb1 {
[%clk 00:30:19]  [%emt 00:01:41]} 30... Nc4+ {[%clk 01:04:37]  [%emt 00:00:33]}
31. Kd3 {[%clk 00:29:06]  [%emt 00:01:44]} 31... h6 {
[%clk 01:04:13]  [%emt 00:00:54]} 32. f4 {[%clk 00:28:30]  [%emt 00:01:06]}
32... Rxb1 {[%clk 01:04:15]  [%emt 00:00:28]} 33. Rxb1 {
[%clk 00:28:58]  [%emt 00:00:02]} 33... Bb4 {[%clk 01:04:31]  [%emt 00:00:13]}
34. Ke2 {[%clk 00:26:26]  [%emt 00:03:02]} 34... Kf8 {
[%clk 01:03:47]  [%emt 00:01:16]} 35. Kd3 {[%clk 00:26:14]  [%emt 00:00:41]}
35... Ke7 {[%clk 01:04:06]  [%emt 00:00:10]} 36. Ke2 {
[%clk 00:25:43]  [%emt 00:01:01]} 36... Kd7 {[%clk 01:04:29]  [%emt 00:00:08]}
37. Kd3 {[%clk 00:25:29]  [%emt 00:00:44]} 37... Kc6 {
[%clk 01:04:54]  [%emt 00:00:04]} 38. g5 {[%clk 00:18:30]  [%emt 00:07:29]}
38... h5 {[%clk 01:04:07]  [%emt 00:01:17]} 39. g4 {
[%clk 00:16:06]  [%emt 00:02:55]} 39... hxg4 {[%clk 01:04:15]  [%emt 00:00:22]}
40. g6 {[%clk 00:16:25]  [%emt 00:00:10]} 40... fxg6 {
[%clk 01:04:27]  [%emt 00:00:19]} 41. Rg1 {[%clk 00:16:53]  [%emt 00:00:01]}
41... Nb2+ {[%clk 01:03:54]  [%emt 00:01:04]} 42. Kc2 {
[%clk 00:16:26]  [%emt 00:00:57]} 42... Nxa4 {[%clk 01:03:52]  [%emt 00:00:31]}
43. Rxg4 {[%clk 00:16:46]  [%emt 00:00:10]} 43... Bf8 {
[%clk 01:03:46]  [%emt 00:00:36]} 44. Rxg6 {[%clk 00:17:13]  [%emt 00:00:03]}
44... Kd7 {[%clk 01:03:48]  [%emt 00:00:28]} 45. Rg1 {
[%clk 00:16:19]  [%emt 00:01:24]} 45... b5 {[%clk 01:04:00]  [%emt 00:00:19]}
46. Kb3 {[%clk 00:15:49]  [%emt 00:01:00]} 46... Nb6 {
[%clk 01:04:17]  [%emt 00:00:12]} 47. Rf1 {[%clk 00:14:36]  [%emt 00:01:44]}
47... a4+ {[%clk 01:04:40]  [%emt 00:00:07]} 48. Kc2 {
[%clk 00:13:48]  [%emt 00:01:18]} 48... b4 {[%clk 01:05:00]  [%emt 00:00:10]}
49. f5 {[%clk 00:14:01]  [%emt 00:00:17]} 49... b3+ {
[%clk 01:05:20]  [%emt 00:00:10]} 50. Kb1 {[%clk 00:14:07]  [%emt 00:00:24]}
50... exf5 {[%clk 01:05:33]  [%emt 00:00:17]} 51. Rxf5 {
[%clk 00:14:36]  [%emt 00:00:02]} 51... Bb4 {[%clk 01:05:31]  [%emt 00:00:31]}
52. Rf7+ {[%clk 00:14:23]  [%emt 00:00:43]} 52... Kc6 {
[%clk 01:05:46]  [%emt 00:00:15]} 53. Rxg7 {[%clk 00:14:46]  [%emt 00:00:07]}
53... a3 {[%clk 01:05:59]  [%emt 00:00:16]} 54. Rg3 {
[%clk 00:12:47]  [%emt 00:02:28]} 54... a2+ {[%clk 01:06:21]  [%emt 00:00:10]}
55. Ka1 {[%clk 00:12:38]  [%emt 00:00:39]} 55... Na4 {
[%clk 01:04:34]  [%emt 00:02:18]} 56. Rxb3 {[%clk 00:12:35]  [%emt 00:00:33]}
56... Bc3+ {[%clk 01:04:31]  [%emt 00:00:33]} 57. Kxa2 {
[%clk 00:12:24]  [%emt 00:00:41]} 57... Bxd4 {[%clk 01:04:59]  [%emt 00:00:01]}
58. e6 {[%clk 00:09:46]  [%emt 00:03:08]} 58... Nc5 {
[%clk 01:04:53]  [%emt 00:00:36]} 59. Rb6+ {[%clk 00:09:01]  [%emt 00:01:15]}
59... Kc7 {[%clk 01:04:44]  [%emt 00:00:38]} 60. e7 {
[%clk 00:08:55]  [%emt 00:00:36]} 60... Kd7 {[%clk 01:04:29]  [%emt 00:00:46]}
61. Rd6+ {[%clk 00:09:08]  [%emt 00:00:16]} 61... Kxe7 {
[%clk 01:04:44]  [%emt 00:00:15]} 62. Rxd5 {[%clk 00:09:20]  [%emt 00:00:18]}
62... Bg1 {[%clk 01:04:57]  [%emt 00:00:18]} 63. Rxc5 {
[%clk 00:09:36]  [%emt 00:00:15]} 1/2-1/2

[Event "V Open Escacs Xàtiva"]
[Site "Xàtiva, Spain"]
[Date "2019.07.19"]
[Round "7.4"]
[White "Deruelle Sala, Albert"]
[Black "Martinez Peiro, Gabriel"]
[Result "1-0"]
[WhiteElo "2076"]
[BlackElo "1965"]
[PlyCount "155"]
[EventDate "2019.??.??"]

1. d4 {[%clk 01:30:58]} 1... d5 {[%clk 01:30:54]  [%emt 00:00:07]} 2. c4 {
[%clk 01:31:24]  [%emt 00:00:04]} 2... c6 {[%clk 01:31:20]  [%emt 00:00:04]} 3.
Nc3 {[%clk 01:30:44]  [%emt 00:01:10]} 3... dxc4 {
[%clk 01:31:44]  [%emt 00:00:07]} 4. a4 {[%clk 01:31:00]  [%emt 00:00:14]} 4...
e5 {[%clk 01:32:01]  [%emt 00:00:12]} 5. dxe5 {[%clk 01:31:24]  [%emt 00:00:07]
} 5... Qxd1+ {[%clk 01:32:19]  [%emt 00:00:12]} 6. Kxd1 {
[%clk 01:31:50]  [%emt 00:00:04]} 6... Nd7 {[%clk 01:27:23]  [%emt 00:05:26]}
7. f4 {[%clk 01:31:45]  [%emt 00:00:35]} 7... Nc5 {
[%clk 01:22:14]  [%emt 00:05:38]} 8. e4 {[%clk 01:30:03]  [%emt 00:02:13]} 8...
f6 {[%clk 01:17:17]  [%emt 00:05:27]} 9. Bxc4 {[%clk 01:29:23]  [%emt 00:01:10]
} 9... fxe5 {[%clk 01:14:40]  [%emt 00:03:07]} 10. fxe5 {
[%clk 01:29:47]  [%emt 00:00:06]} 10... Ne7 {[%clk 01:09:53]  [%emt 00:05:17]}
11. Bf4 {[%clk 01:29:10]  [%emt 00:01:06]} 11... Be6 {
[%clk 01:04:58]  [%emt 00:05:25]} 12. Bxe6 {[%clk 01:28:56]  [%emt 00:00:45]}
12... Nxe6 {[%clk 01:05:21]  [%emt 00:00:07]} 13. Bg3 {
[%clk 01:29:21]  [%emt 00:00:05]} 13... g5 {[%clk 01:05:21]  [%emt 00:00:30]}
14. Nf3 {[%clk 01:27:46]  [%emt 00:02:04]} 14... Ng6 {
[%clk 01:03:19]  [%emt 00:02:33]} 15. h3 {[%clk 01:26:36]  [%emt 00:01:39]}
15... Bg7 {[%clk 01:02:55]  [%emt 00:00:55]} 16. Kc2 {
[%clk 01:26:34]  [%emt 00:00:32]} 16... h5 {[%clk 00:58:17]  [%emt 00:05:07]}
17. Rad1 {[%clk 01:24:33]  [%emt 00:02:31]} 17... g4 {
[%clk 00:57:32]  [%emt 00:01:15]} 18. hxg4 {[%clk 01:24:39]  [%emt 00:00:25]}
18... hxg4 {[%clk 00:57:34]  [%emt 00:00:28]} 19. Rxh8+ {
[%clk 01:24:18]  [%emt 00:00:51]} 19... Bxh8 {[%clk 00:57:54]  [%emt 00:00:10]}
20. Nh4 {[%clk 01:22:03]  [%emt 00:02:44]} 20... Nxh4 {
[%clk 00:55:52]  [%emt 00:02:33]} 21. Bxh4 {[%clk 01:22:26]  [%emt 00:00:07]}
21... Bxe5 {[%clk 00:56:07]  [%emt 00:00:14]} 22. b3 {
[%clk 01:22:04]  [%emt 00:00:53]} 22... Nd4+ {[%clk 00:53:09]  [%emt 00:03:27]}
23. Kd3 {[%clk 01:13:56]  [%emt 00:08:38]} 23... Nxb3 {
[%clk 00:51:40]  [%emt 00:01:59]} 24. Rb1 {[%clk 01:14:20]  [%emt 00:00:07]}
24... Nc5+ {[%clk 00:50:28]  [%emt 00:01:41]} 25. Kc4 {
[%clk 01:14:35]  [%emt 00:00:16]} 25... b6 {[%clk 00:41:50]  [%emt 00:09:08]}
26. a5 {[%clk 01:13:55]  [%emt 00:01:10]} 26... Nd7 {
[%clk 00:40:18]  [%emt 00:02:01]} 27. Nd1 {[%clk 01:12:39]  [%emt 00:01:47]}
27... b5+ {[%clk 00:38:15]  [%emt 00:02:33]} 28. Kd3 {
[%clk 01:12:11]  [%emt 00:00:58]} 28... Nf6 {[%clk 00:27:51]  [%emt 00:10:53]}
29. Nf2 {[%clk 01:09:08]  [%emt 00:03:34]} 29... O-O-O+ {
[%clk 00:26:00]  [%emt 00:02:21]} 30. Kc2 {[%clk 01:08:15]  [%emt 00:01:23]}
30... Rg8 {[%clk 00:21:54]  [%emt 00:04:36]} 31. Nd3 {
[%clk 01:07:55]  [%emt 00:00:50]} 31... Bd4 {[%clk 00:19:30]  [%emt 00:02:54]}
32. Rf1 {[%clk 01:05:51]  [%emt 00:02:33]} 32... Nd7 {
[%clk 00:18:07]  [%emt 00:01:54]} 33. Nb4 {[%clk 01:02:29]  [%emt 00:03:52]}
33... Kb7 {[%clk 00:18:05]  [%emt 00:00:30]} 34. Rf7 {
[%clk 01:02:24]  [%emt 00:00:35]} 34... Rg7 {[%clk 00:16:48]  [%emt 00:01:48]}
35. a6+ {[%clk 01:01:04]  [%emt 00:01:50]} 35... Kb6 {
[%clk 00:16:52]  [%emt 00:00:26]} 36. Bd8+ {[%clk 01:01:05]  [%emt 00:00:30]}
36... Kc5 {[%clk 00:16:11]  [%emt 00:01:12]} 37. Nd3+ {
[%clk 01:01:01]  [%emt 00:00:33]} 37... Kc4 {[%clk 00:15:12]  [%emt 00:01:28]}
38. Rf1 {[%clk 01:00:48]  [%emt 00:00:43]} 38... Nc5 {
[%clk 00:12:49]  [%emt 00:02:53]} 39. Nc1 {[%clk 00:59:50]  [%emt 00:01:28]}
39... Nxe4 {[%clk 00:11:49]  [%emt 00:01:30]} 40. Nb3 {
[%clk 00:57:07]  [%emt 00:03:14]} 40... c5 {[%clk 00:07:56]  [%emt 00:04:22]}
41. Rf4 {[%clk 00:50:59]  [%emt 00:06:37]} 41... Kd5 {
[%clk 00:06:37]  [%emt 00:01:50]} 42. Rf5+ {[%clk 00:51:12]  [%emt 00:00:17]}
42... Kc4 {[%clk 00:05:50]  [%emt 00:01:17]} 43. Na5+ {
[%clk 00:51:10]  [%emt 00:00:32]} 43... Kb4 {[%clk 00:05:13]  [%emt 00:01:07]}
44. Nc6+ {[%clk 00:47:09]  [%emt 00:04:31]} 44... Kc4 {
[%clk 00:02:48]  [%emt 00:02:55]} 45. Na5+ {[%clk 00:47:38]  [%emt 00:00:01]}
45... Kb4 {[%clk 00:02:37]  [%emt 00:00:41]} 46. Rf8 {
[%clk 00:48:07]  [%emt 00:00:01]} 46... Rg6 {[%clk 00:02:26]  [%emt 00:00:41]}
47. Rf4 {[%clk 00:45:43]  [%emt 00:02:54]} 47... Re6 {
[%clk 00:01:49]  [%emt 00:01:07]} 48. Nb3 {[%clk 00:45:42]  [%emt 00:00:31]}
48... Kc4 {[%clk 00:01:10]  [%emt 00:01:09]} 49. Rxg4 {
[%clk 00:45:57]  [%emt 00:00:16]} 49... Nf2 {[%clk 00:01:15]  [%emt 00:00:24]}
50. Rf4 {[%clk 00:44:10]  [%emt 00:02:17]} 50... Re2+ {
[%clk 00:00:33]  [%emt 00:01:12]} 51. Nd2+ {[%clk 00:44:29]  [%emt 00:00:11]}
51... Kd5 {[%clk 00:00:45]  [%emt 00:00:18]} 52. Rf7 {
[%clk 00:31:02]  [%emt 00:13:57]} 52... Ne4 {[%clk 00:00:57]  [%emt 00:00:17]}
53. Rd7+ {[%clk 00:30:35]  [%emt 00:00:57]} 53... Ke6 {
[%clk 00:01:05]  [%emt 00:00:21]} 54. Re7+ {[%clk 00:30:50]  [%emt 00:00:16]}
54... Kf5 {[%clk 00:01:08]  [%emt 00:00:27]} 55. g4+ {
[%clk 00:30:50]  [%emt 00:00:29]} 55... Kxg4 {[%clk 00:00:41]  [%emt 00:00:58]}
56. Rxe4+ {[%clk 00:31:10]  [%emt 00:00:10]} 56... Rxe4 {
[%clk 00:00:43]  [%emt 00:00:27]} 57. Nxe4 {[%clk 00:31:39]  [%emt 00:00:01]}
57... Kf4 {[%clk 00:00:45]  [%emt 00:00:29]} 58. Nd6 {
[%clk 00:31:46]  [%emt 00:00:23]} 58... b4 {[%clk 00:00:36]  [%emt 00:00:39]}
59. Nc4 {[%clk 00:32:09]  [%emt 00:00:06]} 59... Ke4 {
[%clk 00:00:40]  [%emt 00:00:26]} 60. Bb6 {[%clk 00:32:31]  [%emt 00:00:08]}
60... Kd5 {[%clk 00:00:41]  [%emt 00:00:31]} 61. Bxa7 {
[%clk 00:32:46]  [%emt 00:00:14]} 61... Kxc4 {[%clk 00:00:36]  [%emt 00:00:35]}
62. Bb6 {[%clk 00:32:38]  [%emt 00:00:39]} 62... b3+ {
[%clk 00:00:46]  [%emt 00:00:19]} 63. Kb1 {[%clk 00:33:06]  [%emt 00:00:03]}
63... Kb5 {[%clk 00:01:04]  [%emt 00:00:12]} 64. a7 {
[%clk 00:33:29]  [%emt 00:00:06]} 64... Kxb6 {[%clk 00:01:15]  [%emt 00:00:19]}
65. a8=Q {[%clk 00:33:50]  [%emt 00:00:09]} 65... b2 {
[%clk 00:01:38]  [%emt 00:00:08]} 66. Qa4 {[%clk 00:33:55]  [%emt 00:00:24]}
66... Kc7 {[%clk 00:01:59]  [%emt 00:00:09]} 67. Kc2 {
[%clk 00:34:11]  [%emt 00:00:13]} 67... Kd6 {[%clk 00:02:20]  [%emt 00:00:10]}
68. Qb3 {[%clk 00:34:35]  [%emt 00:00:06]} 68... Ke5 {
[%clk 00:02:15]  [%emt 00:00:34]} 69. Kd3 {[%clk 00:34:56]  [%emt 00:00:08]}
69... Kf4 {[%clk 00:02:23]  [%emt 00:00:22]} 70. Qb7 {
[%clk 00:34:44]  [%emt 00:00:42]} 70... Ke5 {[%clk 00:02:37]  [%emt 00:00:17]}
71. Qe4+ {[%clk 00:35:06]  [%emt 00:00:08]} 71... Kf6 {
[%clk 00:02:34]  [%emt 00:00:33]} 72. Kc4 {[%clk 00:35:28]  [%emt 00:00:08]}
72... Kg5 {[%clk 00:02:40]  [%emt 00:00:23]} 73. Kd5 {
[%clk 00:35:50]  [%emt 00:00:09]} 73... Kf6 {[%clk 00:02:58]  [%emt 00:00:12]}
74. Kd6 {[%clk 00:35:33]  [%emt 00:00:47]} 74... Kg5 {
[%clk 00:03:06]  [%emt 00:00:22]} 75. Ke6 {[%clk 00:35:56]  [%emt 00:00:06]}
75... Kh6 {[%clk 00:01:31]  [%emt 00:02:05]} 76. Qf5 {
[%clk 00:35:54]  [%emt 00:00:33]} 76... Kg7 {[%clk 00:01:28]  [%emt 00:00:33]}
77. Qg4+ {[%clk 00:36:10]  [%emt 00:00:14]} 77... Kh6 {
[%clk 00:01:23]  [%emt 00:00:36]} 78. Kf7 {[%clk 00:36:10]  [%emt 00:00:29]}
1-0